Archivo del general José Antonio Páez: 1818-1820
Guardat en:
| Format: | Llibre |
|---|---|
| Idioma: | espanyol |
| Publicat: |
Caracas
Ministerio de Relaciones Interiores
1973
|
| Col·lecció: | Biblioteca de la Academia Nacional de la Historia, 3-4
|
| Matèries: | |
| Etiquetes: |
Afegir etiqueta
Sense etiquetes, Sigues el primer a etiquetar aquest registre!
|
MARC
| LEADER | 00000nam a2200000 a 4500 | ||
|---|---|---|---|
| 001 | UCR1384 | ||
| 003 | CL-VaPUC | ||
| 008 | 971219e19730000VE |||||||||||||||||spa|d | ||
| 082 | 0 | 4 | |a 987.04 |b ARC |2 21 |
| 245 | 1 | 0 | |a Archivo del general José Antonio Páez: 1818-1820 |
| 300 | |a 2 v | ||
| 942 | |c BK | ||
| 945 | |d 19971219 00:00:00 |a cmena | ||
| 260 | |a Caracas |b Ministerio de Relaciones Interiores |c 1973 | ||
| 600 | 0 | |a Páez, José Antonio, |d 1790-1873 |9 381757 | |
| 650 | 0 | |a Historia venezolana |9 393448 | |
| 650 | 0 | |a Independencia |9 344246 | |
| 650 | 0 | |a Fuerzas Armadas |9 255504 | |
| 650 | 7 | |a HISTORIA SIGLO 19 |2 CL-VaPUC |9 257187 | |
| 650 | 0 | |a Guerras |9 255273 | |
| 650 | 0 | |a Conflictos armados |9 398234 | |
| 650 | 0 | |a Historiografía |9 257871 | |
| 651 | 0 | |a Venezuela |9 254993 | |
| 583 | |a last modification |c 19971219 00:00:00 |k Rodrigo Vera | ||
| 490 | 0 | |a Biblioteca de la Academia Nacional de la Historia, 3-4 | |
| 999 | |c 264787 |d 264785 | ||
| 952 | |0 0 |1 0 |4 0 |6 987_040000000000000_ARC_1973 |7 0 |8 DER_HDC |9 295282 |a BIBDER |b BIBDER |d 2019-11-19 |h v.1 |i 1922254 |l 1 |o 987.04 ARC 1973 |p 1922254 |r 2023-01-25 |s 2020-03-16 |w 2019-11-19 |x Ubicación 4to Piso |y BK |z Estos recursos deben solicitarse con anticipación |k DER | ||
| 952 | |0 0 |1 0 |4 0 |6 987_040000000000000_ARC_1973 |7 0 |8 DER_HDC |9 295283 |a BIBDER |b BIBDER |d 2019-11-19 |h v.2 |i 1922262 |l 1 |o 987.04 ARC 1973 |p 1922262 |r 2023-01-25 |s 2020-03-16 |w 2019-11-19 |x Ubicación 4to Piso |y BK |z Estos recursos deben solicitarse con anticipación |k DER | ||